Golf Major Champions Since 2000 With Yellow Boxes - Statistics

General Stats
  • This quiz has been taken 96 times
    50 since last reset
  • The average score is 39 of 58
Answer Stats
# Golfer % Correct
5 Rory McIlroy
100%
4 Scottie Scheffler
100%
2 Bryson DeChambeau
93%
13 Tiger Woods
93%
5 Brooks Koepka
90%
2 Jon Rahm
90%
2 Justin Thomas
90%
2 Xander Schauffele
90%
2 Bubba Watson
88%
1 J. J. Spaun
88%
3 Jordan Spieth
88%
6 Phil Mickelson
88%
1 Sergio Garcia
83%
1 Wyndham Clark
83%
1 Danny Willett
80%
2 Dustin Johnson
80%
1 Patrick Reed
80%
1 Hideki Matsuyama
78%
1 Matt Fitzpatrick
78%
1 Brian Harman
76%
2 Collin Morikawa
76%
1 Shane Lowry
76%
2 Zach Johnson
76%
1 Adam Scott
73%
1 Cameron Smith
71%
2 Vijay Singh
71%
2 Ángel Cabrera
68%
1 Francesco Molinari
68%
1 Mike Weir
68%
1 Charl Schwartzel
66%
1 Henrik Stenson
66%
3 Pádraig Harrington
66%
1 Gary Woodland
63%
1 Justin Rose
63%
1 Trevor Immelman
63%
2 Ernie Els
61%
1 Jimmy Walker
61%
2 Martin Kaymer
61%
1 Darren Clarke
56%
1 Louis Oosthuizen
56%
2 Retief Goosen
56%
1 Jason Day
54%
1 Keegan Bradley
54%
1 Jason Dufner
51%
1 Stewart Cink
51%
1 Yang Yong-eun
51%
1 Graeme McDowell
49%
1 Jim Furyk
49%
1 Webb Simpson
49%
1 David Toms
44%
1 Shaun Micheel
44%
1 Todd Hamilton
44%
1 David Duval
41%
1 Geoff Ogilvy
41%
1 Ben Curtis
39%
1 Rich Beem
39%
1 Lucas Glover
37%
1 Michael Campbell
37%
No matching quizzes found
Score Distribution
Percent of People with Each Score
Percentile by Number Answered
Your Score History
You have not taken this quiz since the last reset